000 00299 a2200133 4500
001 27618
082 _a536.2 KRE
090 _c18391
_d18391
100 _aKrieth, Frank
245 _aPrinciples of heat transfer, 3/e
250 _a3
260 _bI.E.P London
500 _aBE textbook Aerospace
942 _aNUST-CAE
_k536.2 KRE
999 _c262691
_d262691